Logic in grammar polarity, free choice, and intervention
Ebook from Oxford Scholarship Online; Includes bibliographical references and index
Đã lưu trong:
| 主要作者: | |
|---|---|
| 格式: | 圖書 |
| 語言: | Undetermined |
| 出版: |
Oxford
Oxford University Press
2013
|
| 主題: | |
| 在線閱讀: | http://lrc.tdmu.edu.vn/opac/search/detail.asp?aID=2&ID=35982 |
| 標簽: |
添加標簽
沒有標簽, 成為第一個標記此記錄!
|
| Thư viện lưu trữ: | Trung tâm Học liệu Trường Đại học Thủ Dầu Một |
|---|
| LEADER | 00752nam a2200205Ia 4500 | ||
|---|---|---|---|
| 001 | TDMU_35982 | ||
| 008 | 210410s9999 xx 000 0 und d | ||
| 082 | |a 401.9 | ||
| 100 | |a Chierchia, Gennaro | ||
| 245 | 0 | |a Logic in grammar | |
| 245 | 0 | |b polarity, free choice, and intervention | |
| 245 | 0 | |c Gennaro Chierchia | |
| 260 | |a Oxford | ||
| 260 | |b Oxford University Press | ||
| 260 | |c 2013 | ||
| 300 | |a xi, 468 p. | ||
| 520 | |a Ebook from Oxford Scholarship Online; Includes bibliographical references and index | ||
| 650 | |a Grammar |x Logic (Linguistics); Ngữ pháp |x Logic (Ngôn ngữ học) | ||
| 856 | |u http://lrc.tdmu.edu.vn/opac/search/detail.asp?aID=2&ID=35982 | ||
| 980 | |a Trung tâm Học liệu Trường Đại học Thủ Dầu Một | ||